Gender, inovace a výzkum

Čo je a čo nie je gender. Gender znamená ľudský kapitál. Rovné príležitosti v spoločnosti a motivácia talentov. Rovné príležitosti na pracoviskách výskumu a vývoja a zladenie profesného a rodinného života. Gender a konkurencieschopnosť.

Uložené v:
Podrobná bibliografia
Hlavný autor: Kraus, Marcel
Médium: Kapitola
Jazyk:Czech
Predmet:
Tagy: Pridať tag
Žiadne tagy, Buďte prvý, kto otaguje tento záznam!

MARC

LEADER 00000naa a2200000 4500
001 0228866
005 20170327131734.0
041 0 |a cze 
044 |a CZ 
245 1 0 |a Gender, inovace a výzkum  |c Marcel Kraus 
520 |a Čo je a čo nie je gender. Gender znamená ľudský kapitál. Rovné príležitosti v spoločnosti a motivácia talentov. Rovné príležitosti na pracoviskách výskumu a vývoja a zladenie profesného a rodinného života. Gender a konkurencieschopnosť. 
610 2 0 |a rovnosť rodová 
610 2 0 |a ženy 
610 2 0 |a muži 
610 2 0 |a inovácia 
610 2 0 |a výskum 
610 2 0 |a konkurencieschopnosť 
610 2 0 |a kapitál ľudský 
100 1 |a Kraus, Marcel